000 00497nam a2200193Ia 4500
003 GCL
008 140319s9999 xx 000 0 eng d
040 _aGCL /
_cGCL
082 0 4 _a633
_bE P
100 1 _aEVANS, J.
245 1 0 _aPLANTATION FORESTRY IN THE TROPICS /
_cEVANS, J.
260 _a[S.N] :
_bELBS OXFORD UNIVERSITY PRESS ،
_c1992
300 _a403\P
650 0 4 _aTROPICAL CROPS
650 0 4 _aTROPICS
650 0 4 _aFOREST PROTECTION
650 0 4 _aFOREST FLORA
942 _2ddc
_cBK
999 _c20162
_d20162